000 00194nam a22000977a 4500
082 _a823
_bUNK/A
100 _aUNKNOWN
245 _aAFFILIATION BYE-LAWS
650 _aGENERAL KNOWLEDGE
942 _cBK
999 _c7689
_d7689